000 00474nam a2200169Ia 4500
008 230718s9999 xx 000 0 und d
020 _a9789350293843
041 _aeng
082 _a081
_bROG
100 _aRogak L.Ed.
_9195484
245 _aImpatient Optimist
_bBill Gates In His Own Words
260 _c2012
_bCollins Business
300 _a182
365 _cRs.
_b199.00
700 _aRogak L.Ed.
_9195484
906 _dO:0366822-Jan-2014B:477019-Dec-2013
_cGENRL
_b43.78
999 _c334885
_d334885